000 004580000a22001810004500
003 MACL
005 20150731154208.0
008 150731b xxu||||| |||| 00| 0 eng d
040 _aMACL
_cMACL
041 _aEnglish
082 _a342/TOP
100 _aTopornin, Boris
_93810
245 _aThe New Constitution of the Ussr
260 _bProgressive Publishers
_c1980
_aCalcutta
350 _a14.50
650 _aPolitical Science
_988
942 _cBK
_k342
_2ddc
999 _c8333
_d8333